Wszystkie miasta, które kiedykolwiek pełniły siedzibę województwa - Statystyki

Ogólne statystyki
  • Ten quiz został rozwiązany 27 razy
    4 od ostatniego zresetowania
  • Średni wynik to 54 z 80
Statystyki odpowiedzi
Ludność (2024) Lata pełnienia funkcji Miasto % Poprawnych
54 178 1975–1998 Biała Podlaska
100%
261 907 1919–1939, 1944– Białystok
100%
164 318 1975–1998 Bielsko-Biała
100%
324 043 1945– Bydgoszcz
100%
56 127 1975–1998 Chełm
100%
211 018 1975–1998 Częstochowa
100%
112 445 1975–1998 Elbląg
100%
487 371 1454–1613, 1944– Gdańsk
100%
89 167 1314–1793, 1975–1998 Kalisz
100%
278 090 1920–1939, 1946– Katowice
100%
180 537 1919–1939, 1944– Kielce
100%
< 3 000 000 1569–1793 Kijów
100%
105 143 1950–1998 Koszalin
100%
809 200 ~1400–1795, 1919–1939, 1944– Kraków
100%
88 173 1975–1998 Legnica
100%
645 693 1919–1939, 1944– Łódź
100%
57 063 1975–1998 Łomża
100%
328 305 1474–1795, 1919–1939, 1944– Lublin
100%
728 000 1434–1793, 1919–1939 Lwów
100%
166 392 1946– Olsztyn
100%
125 492 1950– Opole
100%
110 015 1495–1793, 1975–1998 Płock
100%
534 913 1356/62–1793, 1919–1939, 1944- Poznań
100%
55 292 1975–1998 Przemyśl
100%
193 777 1975–1998 Radom
100%
197 268 1945– Rzeszów
100%
74 780 1975–1998 Siedlce
100%
79 090 1975–1998 Słupsk
100%
68 035 1975–1998 Suwałki
100%
397 000 1946– Szczecin
100%
225 004 1920-1939 Tarnopol
100%
103 129 1975–1998 Tarnów
100%
175 145 1919–1939, 1944– Toruń
100%
1 861 975 1529–1795, 1919–1939, 1944– Warszawa
100%
605 000 1569–1795, 1926–1939 Wilno
100%
99 474 1975–1998 Włocławek
100%
672 882 1946– Wrocław
100%
57 924 1975–1998 Zamość
100%
138 869 1950– Zielona Góra
100%
346 100 1569–1795, 1921–1939 Brześć
67%
108 072 1975– Gorzów Wielkopolski
67%
227 827 1920–1939 Iwano-Frankiwsk
67%
74 194 1975–1998 Jelenia Góra
67%
65 359 1975–1998 Konin
67%
43 594 1975–1998 Krosno
67%
59 521 1975–1998 Leszno
67%
215 000 1569–1795, 1921–1939 Łuck
67%
1 995 471 1569–1775 Mińsk
67%
79 821 1975–1998 Nowy Sącz
67%
48 229 1975–1998 Ostrołęka
67%
69 748 1975–1998 Piła
67%
66 022 1975–1998 Piotrków Trybunalski
67%
38 458 1339–1793, 1975–1998 Sieradz
67%
44 976 1975–1998 Skierniewice
67%
41 819 1454-1772 Starogard Gdański
67%
43 337 1975–1998 Tarnobrzeg
67%
98 748 1975–1998 Wałbrzych
67%
41 740 1975–1998 Ciechanów
33%
66 500 ~1400–1772 Inowrocław
33%
13 971 1352–1793 Łęczyca
33%
36 573 1466–1772 Malbork
33%
30 800 1569–1795, 1921–1939 Nowogródek
33%
6 750 1545-1772 Sądowa Wisznia
33%
21 114 ~1400–1795 Sandomierz
33%
325 495 1508–1514,1611–1654 Smoleńsk
33%
2 267 1462–1793 Bełz
0%
5 444 1569–1793 Bracław
0%
4 550 ~1400–1793 Brześć Kujawski
0%
18 052 1454–1793 Chełmno
0%
1 747 1513–1795 Drohiczyn
0%
96 896 1434–1793 Kamieniec Podolski
0%
17 170 1598–1621 Kieś
0%
10 700 1569–1772 Mścisław
0%
39 800 1598–1620 Parnawa
0%
80 000 1569–1772 Połock
0%
15 783 1462–1793 Rawa Mazowiecka
0%
6 587 1613-1772 Skarszewy
0%
97 759 1598–1621 Tartu
0%
5 000 1569–1795 Troki
0%
364 800 1569–1772 Witebsk
0%
Nie znaleziono quizów pasujących do podanych kryteriów
Rozkład punktacji
Procent ludzi z każdym wynikiem
Percentyl według liczby udzielonych odpowiedzi
Twoja historia wyników
Nie rozwiązałeś tego quizu od ostatniego zresetowania